00687 a2200205 45000010006000000050017000060080041000230030015000640400040000790800061001192450047001800200018002272500012002452640035002573000023002925050107003150410008004221000031004307000020004614223120260407155711.0260407a1969 arg spa dAR-UNSa-BCEJYS aAR-UNSa-BCEJYSbspacAR-UNSa-BCEJYS a16xLógica. Epistemología. Teoría del conocimiento10aLógica e introducción a la filosofía a950-13-2740-x a9a. ed. 1aBuenos Aires :bKapeluszc1969 axx, 330 p.c20 cm. a1. Lógica formal - 2. Teoría del conocimiento - 3. Nociones de filosofía, metafísica y ética aspa1 aOlivieri, Francisco José1 aFatone, Vicente